[Event "Reykjavik op"]
[Site "Reykjavik"]
[Date "2024.03.16"]
[Round "2"]
[White "Cramling Bellon, Anna"]
[Black "Banerjee, Aryan"]
[Result "1-0"]
[WhiteElo "2115"]
[BlackElo "1896"]
[PlyCount "53"]
[EventDate "2024.03.15"]
[EventType "swiss"]
[EventRounds "9"]
[EventCountry "ISL"]
[SourceTitle "CB13_2024"]
[SourceDate "2024.03.27"]
[SourceVersion "1"]
[SourceVersionDate "2024.03.27"]
[SourceQuality "1"]

1. d4 d5 2. c4 e6 3. Nc3 a6 4. cxd5 exd5 5. Nf3 h6 6. Bf4 Nf6 7. e3 Bd6 8. Be5 c6 9. Bd3 0-0 10. 0-0 Bg4 11. h3 Bh5 12. g4 Bg6 13. Bxg6 fxg6 14. Nh4 Kh7 15. Qc2 Ne4 16. Nxg6 Kxg6 17. f3 Bxe5 18. fxe4 Rxf1+ 19. Rxf1 Kh7 20. exd5+ Kh8 21. dxe5 cxd5 22. Nxd5 Nc6 23. Nf4 Qg5 24. e6 h5 25. Qf5 Qd8 26. Qxh5+ Kg8 27. Ng6 1-0

[Event "Reykjavik op"]
[Site "Reykjavik"]
[Date "2024.03.15"]
[Round "1"]
[White "Banerjee, Aryan"]
[Black "Arun, Rahul"]
[Result "1-0"]
[WhiteElo "1896"]
[BlackElo "1693"]
[PlyCount "89"]
[EventDate "2024.03.15"]
[EventType "swiss"]
[EventRounds "9"]
[EventCountry "ISL"]
[SourceTitle "CB13_2024"]
[SourceDate "2024.03.27"]
[SourceVersion "1"]
[SourceVersionDate "2024.03.27"]
[SourceQuality "1"]

1. Nf3 Nf6 2. g3 d5 3. Bg2 c5 4. 0-0 Nc6 5. d4 e6 6. c4 dxc4 7. dxc5 Qxd1 8. Rxd1 Bxc5 9. Nbd2 c3 10. bxc3 0-0 11. Nb3 Bb6 12. Ba3 Re8 13. Nfd4 Nxd4 14. cxd4 e5 15. Bc5 Bxc5 16. Nxc5 Rb8 17. dxe5 Rxe5 18. Rd8+ Re8 19. Rxe8+ Nxe8 20. Rd1 Kf8 21. Nd7+ Bxd7 22. Rxd7 b5 23. Rxa7 Nd6 24. Ra8 Rxa8 25. Bxa8 b4 26. Bd5 f6 27. Kf1 Ke7 28. Ke1 Nb5 29. Kd2 Kd6 30. Bg8 h6 31. Kd3 Kc5 32. h4 Nd6 33. e4 Nc8 34. h5 Ne7 35. Bf7 Nc6 36. f4 Ne7 37. g4 Nc6 38. Bd5 Ne7 39. Be6 Nc6 40. Bd5 Ne7 41. Bf7 Nc6 42. e5 fxe5 43. f5 Kd6 44. Ke4 Ne7 45. g5 1-0

[Event "Vaxjo op"]
[Site "Vaxjo"]
[Date "2024.02.10"]
[Round "5"]
[White "Banerjee, Aryan"]
[Black "Nilsson, Eskil"]
[Result "1/2-1/2"]
[WhiteElo "1752"]
[BlackElo "2117"]
[PlyCount "78"]
[EventDate "2024.02.09"]
[EventType "swiss"]
[EventRounds "8"]
[EventCountry "SWE"]
[SourceTitle "CB07_2024"]
[SourceDate "2024.02.14"]
[SourceVersion "1"]
[SourceVersionDate "2024.02.14"]
[SourceQuality "1"]

1. Nf3 Nf6 2. g3 g6 3. Bg2 Bg7 4. 0-0 c5 5. c4 0-0 6. Nc3 Nc6 7. d4 d6 8. dxc5 dxc5 9. Be3 Be6 10. Rc1 Qa5 11. Qb3 Qa6 12. Na4 Na5 13. Qb5 Qxb5 14. cxb5 b6 15. b3 Rad8 16. Rfd1 Nb7 17. Ne5 Rxd1+ 18. Rxd1 Nd6 19. Bc6 Ng4 20. Nxg4 Bxg4 21. f3 Be6 22. Bf4 Nf5 23. e3 c4 24. bxc4 Bxc4 25. g4 Nd6 26. Bxd6 exd6 27. Rxd6 Be6 28. Rd3 Bf6 29. Kf2 h5 30. h3 hxg4 31. hxg4 Kg7 32. Kg3 Rh8 33. Kg2 Be5 34. f4 Bb8 35. Nc3 Bxg4 36. Nd5 Bh3+ 37. Kg1 Rd8 38. Nb4 Rxd3 39. Nxd3 Be6 1/2-1/2

[Event "Hvar op"]
[Site "Hvar"]
[Date "2023.10.15"]
[Round "1"]
[White "Banerjee, Aryan"]
[Black "Ronce, Nathan"]
[Result "0-1"]
[WhiteElo "1656"]
[BlackElo "2159"]
[PlyCount "68"]
[EventDate "2023.10.15"]
[EventType "swiss"]
[EventRounds "9"]
[EventCountry "CRO"]
[SourceTitle "Mega2024 Update 01"]
[Source "Chessbase"]
[SourceDate "2023.11.12"]
[SourceVersion "1"]
[SourceVersionDate "2023.11.12"]
[SourceQuality "1"]

1. d4 d5 2. c4 e6 3. Nf3 c5 4. cxd5 exd5 5. g3 Nc6 6. Bg2 Nf6 7. 0-0 Be7 8. dxc5 Bxc5 9. Bg5 0-0 10. Nc3 d4 11. Bxf6 Qxf6 12. Ne4 Qe7 13. Nxc5 Qxc5 14. Rc1 Qb6 15. Qd2 Be6 16. b3 Rad8 17. Rfd1 Rfe8 18. h3 h6 19. Ne1 Bd5 20. Nd3 Bxg2 21. Kxg2 Rd5 22. Rc2 Qd8 23. Rdc1 Qe7 24. Nc5 Re5 25. Kf1 Rh5 26. Kg2 Rc8 27. b4 a6 28. a4 Rd5 29. Nd3 Re8 30. Nc5 d3 31. exd3 Nd4 32. Rc4 b6 33. Nxa6 Qb7 34. Kf1 Rde5 0-1

[Event "Reykjavik Kvika op"]
[Site "Reykjavik"]
[Date "2022.04.07"]
[Round "3"]
[White "Gupta, Anand"]
[Black "Banerjee, Aryan"]
[Result "0-1"]
[WhiteElo "1543"]
[BlackElo "1374"]
[PlyCount "106"]
[EventDate "2022.04.06"]
[EventType "swiss"]
[EventRounds "9"]
[EventCountry "ISL"]
[SourceTitle "CBM 207 Extra"]
[Source "ChessBase"]
[SourceDate "2022.05.31"]
[SourceVersion "1"]
[SourceVersionDate "2022.05.31"]
[SourceQuality "1"]

1. d4 e6 2. c4 Nf6 3. Nf3 d5 4. Nc3 Be7 5. Bf4 0-0 6. e3 c5 7. dxc5 dxc4 8. Bxc4 Bxc5 9. 0-0 Qd7 10. Qc2 Rd8 11. Rad1 Qc7 12. Rxd8+ Qxd8 13. Rd1 Qe7 14. Bg5 Nc6 15. Ne4 Bb6 16. Qc3 Nxe4 17. Bxe7 Nxc3 18. bxc3 Nxe7 19. e4 Bc7 20. Ne5 Nc6 21. Nd3 Bd7 22. Nc5 Bc8 23. a4 b6 24. Nb3 Bb7 25. Rd7 Rc8 26. f4 Nb8 27. Rd4 Bxf4 28. Kf2 Be5 29. Rd1 Kf8 30. Bd3 Rxc3 31. Nc1 Ba6 32. Bb1 Ke7 33. g3 Rc4 34. Nd3 Rd4 35. Ke3 Bxd3 36. Bxd3 Nc6 37. Rc1 Nb4 38. Bb5 a6 39. Be2 Rd7 40. Rc4 a5 41. Rc8 Bd4+ 42. Kf4 Bc5 43. Bb5 Rd8 44. Rc7+ Kf6 45. e5+ Kg6 46. Bd7 Nd5+ 47. Kg4 h5+ 48. Kh4 Nxc7 49. Bc6 Nd5 50. Bb5 Ne3 51. Be2 Rd2 52. Bxh5+ Kh6 53. h3 g5# 0-1

[Event "Reykjavik Kvika op"]
[Site "Reykjavik"]
[Date "2022.04.06"]
[Round "1"]
[White "Bohlin, Jan"]
[Black "Banerjee, Aryan"]
[Result "1-0"]
[WhiteElo "1849"]
[BlackElo "1374"]
[PlyCount "81"]
[EventDate "2022.04.06"]
[EventType "swiss"]
[EventRounds "9"]
[EventCountry "ISL"]
[SourceTitle "CBM 207 Extra"]
[Source "ChessBase"]
[SourceDate "2022.05.31"]
[SourceVersion "1"]
[SourceVersionDate "2022.05.31"]
[SourceQuality "1"]

1. c4 Nf6 2. Nc3 e6 3. e4 d6 4. Nf3 c5 5. d4 Be7 6. Be2 0-0 7. 0-0 Nc6 8. d5 Nb8 9. dxe6 fxe6 10. e5 dxe5 11. Qxd8 Rxd8 12. Nxe5 Nbd7 13. Nxd7 Bxd7 14. Bf3 Rab8 15. Bf4 Be8 16. Bxb8 Rxb8 17. Rad1 Bf7 18. Rfe1 b6 19. b3 Rd8 20. Rxd8+ Bxd8 21. Ne4 e5 22. Rd1 Be7 23. Nxf6+ Bxf6 24. Bd5 Bxd5 25. Rxd5 e4 26. Rd7 e3 27. fxe3 Bg5 28. Kf2 Kf8 29. Rxa7 Bd8 30. Kf3 Be7 31. Rb7 Bd8 32. Ke4 h5 33. Kd5 g5 34. Rb8 Ke8 35. Ke6 h4 36. h3 b5 37. cxb5 g4 38. hxg4 h3 39. gxh3 c4 40. bxc4 Kf8 41. Rxd8+ 1-0